Platero y yo : (Registro nro. 11215)

Detalles MARC
000 -LIDER
fixed length control field 00811nam a2200277 4500
001 - NÚMERO DE CONTROL
Identificador de número de control 00268
003 - IDENTIFICACDOR DE NÚMERO DE CONTROL
control field DO-SdBNP
005 - DATE AND TIME OF LATEST TRANSACTION
control field 20180402155703.0
007 - CAMPOS FIJOS DE DESCRIPCIÓN FÍSICA
fixed length control field 00268
008 - ELEMENTOS DE LONGITUD FIJA
fixed length control field 160411b 1964 ||||| |||| 00| 0 spa d
020 ## - ISBN
International Standard Book Number
040 ## - FUENTE DE CATALOGACIÓN
Agencia que crea de manera original el registro BPMSU
Idioma de catalogación spa
Agencia que realiza la transcripción BPMSU
082 ## - NÚMERO DE CLASIFICACIÓN DECIMAL DE DEWEY
Classification number 863.5
Item number J614p
100 1# - ASIENTO PRINCIPAL -- NOMBRE PERSONAL
Nombre personal Jiménez, Juan Ramón,
Fechas asociadas con el nombre 1881-1958.
245 10 - MENCIÓN DE TITULO
Título Platero y yo :
Subtítulo elegía andaluza (1907-1916) /
Mención de responsabilidad Juan Ramón Jiménez ; ilustraciones de Benjamín Palencia.
250 ## - MENCIÓN DE EDICION
Mención de edición
260 ## - PUBLICACIÓN, DISTRIBUCIÓN, ETC. (PIE DE IMPRENTA)
Lugar de publicación, distribución, etc Barcelona :
Nombre del editor, distribuidor, etc. Ediciones Nauta,
Fecha de publicación, distribución, etc 1964.
300 ## - DESCRIPCIÓN FÍSICA
Extensión 151 p. :
Otros detalles físicos il. ;
Dimensiones 20 cm.
490 ## - MENCIÓN DE SERIES
Mención de serie
Volume/sequential designation
650 ## - ENCABEZAMIENTO DE MATERIA--TEMÁTICO
Término temático o nombre geográfico como elemento de entrada CUENTOS INFANTILES ESPAÑOLES
700 12 - ASIENTO SECUNDARIO -- NOMBRE PERSONAL
Nombre personal Palencia, Benjamín,
Mención de responsabilidad il.
830 ## - ASIENTO SECUNDARIO DE SERIE--TÍTULO UNIFORME
Título uniforme
Volume number/sequential designation
942 ## - ADDED ENTRY ELEMENTS (KOHA)
Source of classification or shelving scheme Dewey Decimal Classification
Koha item type Libros
945 ## - INFORMACIÓN DE PROCESAMIENTO LOCAL
Información de procesamiento local Inventariado, 2018/ YL
956 ## - LOCAL ELECTRONIC LOCATION AND ACCESS (OCLC)
Nombre de host VMATEO
Número de acceso 10
Información de compresión 20160830
Trayectoria BPMSU
Nombre Electrónico 0069
Existencias
Withdrawn status Lost status Source of classification or shelving scheme Damaged status Not for loan Collection code Home library Current library Date acquired Source of acquisition Total Checkouts Full call number Barcode Date last seen Price effective from Koha item type
    Dewey Decimal Classification     Colección Juvenil General Biblioteca Pública Metropolitana Salomé Ureña Biblioteca Pública Metropolitana Salomé Ureña 08/30/2016 SELLAR   863.5 J614p BPMSU16080263 08/30/2016 08/30/2016 Libros